|
|
|
|
| LEADER |
01056nam a2200289 4500 |
| 001 |
c000386851 |
| 003 |
CARM |
| 005 |
00000000000000.0 |
| 008 |
920723s1958 enka b 00000 eng |
| 015 |
|
|
|a GB58-12449
|
| 019 |
1 |
|
|a 9145837
|z 11009589
|5 LACONCORD2021
|
| 035 |
|
|
|a (OCoLC)1624788
|5 LACONCORD2021
|
| 040 |
|
|
|a VDU
|c VDU
|
| 041 |
1 |
|
|a engfre
|
| 050 |
0 |
0 |
|a BT653
|b .A413
|
| 082 |
0 |
4 |
|a 615.85
|
| 100 |
1 |
|
|a Agnellet, Michel.
|
| 245 |
1 |
0 |
|a I accept these facts;
|b the Lourdes cures examined.
|c [Translated by John Dingle] Foreword by E. B. Strauss.
|
| 260 |
|
|
|a London,
|b M. Parrish
|c [c1958]
|
| 300 |
|
|
|a 153 p., [15] p. of plates :
|b ill.
|c 21 cm.
|
| 500 |
|
|
|a Translation of Cent ans de miracles à Lourdes.
|
| 504 |
|
|
|a Includes bibliography.
|
| 650 |
|
0 |
|a Miracles.
|
| 651 |
|
0 |
|a Lourdes, Notre-Dame de.
|
| 852 |
8 |
|
|b CARM
|h A3:AD36A0
|i B11620
|p 0480732
|f BK
|
| 999 |
f |
f |
|i 84967bf5-bbb2-588f-9f59-aaef457bd27e
|s 3ab90ede-731f-5bb0-a84f-110d9da5708c
|
| 952 |
f |
f |
|p Can circulate
|a CAVAL
|b CAVAL
|c CAVAL
|d CARM 1 Store
|e B11620
|f A3:AD36A0
|h Other scheme
|i book
|m 0480732
|